Welcome to CU Library Online Public Access Catalogue (OPAC)

Fundamentals of building construction : (Record no. 8274)

MARC details
000 -LEADER
fixed length control field 00796cam a2200241 i 4500
001 - CONTROL NUMBER
control field 17679838
005 - DATE AND TIME OF LATEST TRANSACTION
control field 20251121090951.0
008 - FIXED-LENGTH DATA ELEMENTS--GENERAL INFORMATION
fixed length control field 130401t20142014njua b 001 0 eng
020 ## - INTERNATIONAL STANDARD BOOK NUMBER
International Standard Book Number 9781118138915
Qualifying information hardback
020 ## - INTERNATIONAL STANDARD BOOK NUMBER
International Standard Book Number 1118138910
Qualifying information hardback
050 00 - LIBRARY OF CONGRESS CALL NUMBER
Classification number TH145
Item number .A417 2014
082 00 - DEWEY DECIMAL CLASSIFICATION NUMBER
Classification number 690
Edition information 23
100 1# - MAIN ENTRY--PERSONAL NAME
Personal name Allen, Edward,
Dates associated with a name 1938-
245 10 - TITLE STATEMENT
Title Fundamentals of building construction :
Remainder of title materials and methods /
Statement of responsibility, etc. Edward Allen and Joseph Iano.
250 ## - EDITION STATEMENT
Edition statement Sixth edition.
260 ## - PUBLICATION, DISTRIBUTION, ETC.
Place of publication, distribution, etc. Hoboken, New Jersey
Name of publisher, distributor, etc. John Wiley & Sons
Date of publication, distribution, etc. 2014
300 ## - PHYSICAL DESCRIPTION
Extent xii, 1007 pages :
Other physical details illustrations ;
Dimensions 29 cm
650 #0 - SUBJECT ADDED ENTRY--TOPICAL TERM
Topical term or geographic name entry element Building.
650 #0 - SUBJECT ADDED ENTRY--TOPICAL TERM
Topical term or geographic name entry element Building materials.
650 #7 - SUBJECT ADDED ENTRY--TOPICAL TERM
Topical term or geographic name entry element TECHNOLOGY & ENGINEERING / Construction / General.
Source of heading or term bisacsh
700 1# - ADDED ENTRY--PERSONAL NAME
Personal name Iano, Joseph.
942 ## - ADDED ENTRY ELEMENTS (KOHA)
Source of classification or shelving scheme Library of Congress Classification
Koha item type Books
Edition 6th ed.
Suppress in OPAC No
999 ## -
-- 8274
-- 8274
Holdings
Withdrawn status Lost status Source of classification or shelving scheme Damaged status Not for loan Collection Home library Current library Shelving location Date acquired Total checkouts Full call number Barcode Date last seen Copy number Price effective from Koha item type
    Library of Congress Classification     Non-fiction Science Library (Miotso) Science Library (Miotso) General stacks 11/21/2025   TH145 .A417 ALL SLM00005842 11/21/2025 1 11/21/2025 Books
    Library of Congress Classification     Non-fiction Science Library (Miotso) Science Library (Miotso) General stacks 11/21/2025   TH145 .A417 ALL SLM00005843 11/21/2025 2 11/21/2025 Books
    Library of Congress Classification     Non-fiction Science Library (Miotso) Science Library (Miotso) General stacks 11/21/2025   TH145 .A417 ALL SLM00005844 11/21/2025 3 11/21/2025 Books
    Library of Congress Classification     Non-fiction Science Library (Miotso) Science Library (Miotso) General stacks 11/21/2025   TH145 .A417 ALL SLM00005845 11/21/2025 4 11/21/2025 Books
    Library of Congress Classification     Non-fiction Science Library (Miotso) Science Library (Miotso) General stacks 11/21/2025   TH145 .A417 ALL SLM00005846 11/21/2025 5 11/21/2025 Books
© 2023-2024 Copyright: Central University Libraries. All Rights Reserved | Created by: Mahone Tech Office